00373nam a22001337a 4500020001800000082002200018100002900040245006600069260004600135300001000181650001500191650001300206650002000219 a9789388768764 aM 398.3578bNAR/V aNarayanan Elamkulam K.P. aValluvanattile pananar pattukal/cby Narayanan Elamkulam K.P. aThrissur:bKerala Sahitya Akademi,c2024. a223p. aFolk Songs aFolklore aSocial Sciences